000 00985nam a22002297a 4500
005 20241004141117.0
008 s2551 th tha d
041 _atha
050 _aAC159 อ622 2551
245 1 0 _aอ่าน ปีที่ 1 ฉบับที่ 2 กรกฎาคม-กันยายน 2551
260 3 _aกรุงเทพฯ :
_bอ่าน,
_c2551
300 _a256 หน้า :
_b ภาพประกอบ ;
_c 26 ซม.
650 0 4 _aวรรณกรรม -- ประวัติและวิจารณ์
650 0 4 _aแบบเรียนภาษาไทย
650 0 4 _aทุนนิยม -- คิวบา
650 0 4 _aความรู้ทั่วไป
850 _aNALT
942 _cGB
_01
997 _a38996 ฉ.1 / 38997 ฉ.2
997 _c000000000063289
998 _aนางสาวเบญจลักษณ์ สุทธิวิไล
_j8
_k นายบัณฑิต อุทาวงค์
999 _c63289
_d63289